[Event "2010 PLAY MASTERS"]
[Site "SchemingMind.com"]
[Date "2010.11.19"]
[Round "-"]
[White "jesusch"]
[Black "Orange Lion"]
[Result "0-1"]
[WhiteCountry "ESP"]
[BlackCountry "NED"]
[WhiteElo "1962"]
[WhiteRD "73"]
[BlackElo "2457"]
[BlackRD "87"]
[GameID "266926"]

1. e4 e6 2. d4 d5 3. Nc3 Bb4 4. e5 c5 5. a3 Bxc3+ 6. bxc3 Ne7 7. Nf3 Bd7 8. Bd3 Nbc6 9. O-O Qa5 10. Bd2 c4
11. Be2 f6 12. exf6 gxf6 13. Qb1 e5 14. dxe5 fxe5 15. Ng5 Qc7 16. Bh5+ Ng6 17. Be3 O-O 18. Qd1 Nce7 19. Re1 Rf6 20. Nf3 e4
21. Bxg6 Rxg6 22. Nh4 Rg4 23. g3 Qd6 24. Ng2 Rg7 25. Qd2 Nf5 26. Red1 Bc6 27. a4 h6 28. a5 Kh7 29. Kh1 Rf7 30. Nf4 Raf8
31. Rab1 a6 32. Qe2 Rg8 33. Rd2 Rg5 34. Ra1 Qd7 35. Rg1 Nd6 36. Rdd1 Qc8 37. Qd2 Qg4 38. Rg2 Qf3 39. Ne2 Rg8 40. Bxh6 e3
41. Qxe3 Qxg2+ 42. Kxg2 d4+ 43. Kg1 dxe3 44. Bxe3 Nf5 45. Bb6 Bf3 46. Rd2 Re8 47. Be3 Re5 48. Nf4 Rxa5
0-1

[Event "2010 PLAY MASTERS"]
[Site "SchemingMind.com"]
[Date "2010.11.19"]
[Round "-"]
[White "Orange Lion"]
[Black "jesusch"]
[Result "1-0"]
[WhiteCountry "NED"]
[BlackCountry "ESP"]
[WhiteElo "2431"]
[WhiteRD "89"]
[BlackElo "2020"]
[BlackRD "78"]
[GameID "266932"]

1. e4 c5 2. Nf3 d6 3. d4 cxd4 4. Nxd4 Nf6 5. Nc3 a6 6. Be3 e6 7. f3 Be7 8. Qd2 O-O 9. O-O-O Nc6 10. g4 Nxd4
11. Bxd4 Nd7 12. h4 b5 13. g5 b4 14. Na4 Qa5 15. b3 Bb7 16. a3 d5 17. g6 e5 18. gxf7+ Rxf7 19. Be3 d4 20. Bg5 Bd6
21. Bc4 Rc8 22. Nb2 Qxa3 23. Kb1 Qa5 24. Rhf1 Bf8 25. Be6 Qb6 26. Bxf7+ Kxf7 27. Nc4 Rxc4 28. bxc4 Nc5 29. Qh2 Bd6 30. Qg2 Ke8
31. Bd2 b3 32. c3 Qa5 33. Be1 Nxe4 34. cxd4 Qa4 35. Qe2 Bc8 36. fxe4 Bg4 37. Qf2 Bxd1 38. Qf7+ Kd8 39. Qg8+ Kd7 40. Rf7+ Kc6
41. Qc8+ Kb6 42. Qb7#
1-0